000
00310nam a22001337a 4500
008
180828b xxu||||| |||| 00| 0 eng d
020
_a
9780810364349
041
_a
eng
080
_2
3 ED
_a
311
100
_a
55
101
_a
STA
245
_a
STATISTICAL ABSTRACT OF THE WORLD
_c
MUTH.A
942
_2
udc
_c
BK
999
_c
47368
_d
47368